000
00312nam a2200109Ia 4500
008
190722s9999 xx 000 0 und d
020
_a
978-1-25-900599-2
100
_a
Prasanna Chandra
245
0
_a
Investment Analysis and Portfolio Management
260
_a
New Delhi
_b
McGraw Hill Edu. Pvt. Ltd.
_c
2015
942
_c
BK
999
_c
569
_d
569